Normal view
MARC view
- ENGINEERING STATISTICAL METHODS CORRELATION STATISTICS SPECTRAL THEORY MATHEMATICS
Entry Topical Term
001 - CONTROL NUMBER
- control field: 68055
003 - CONTROL NUMBER IDENTIFIER
- control field: NUST
005 - DATE AND TIME OF LATEST TRANSACTION
- control field: 20210628203949.0
008 - FIXED-LENGTH DATA ELEMENTS
- fixed length control field: 210628|| aca||aabn | a|a d
040 ## - CATALOGING SOURCE
- Original cataloging agency: NUST
- Transcribing agency: NUST
150 ## - HEADING--TOPICAL TERM
- Topical term or geographic name entry element: ENGINEERING STATISTICAL METHODS CORRELATION STATISTICS SPECTRAL THEORY MATHEMATICS
670 ## - SOURCE DATA FOUND
- Source citation: Work cat.: (NUST): BENDAT, J. S:PIERSOL, A. G 68054, ENGINEERING APPLICATION OF CORRELATION AND SPECTRAL ANALYSIS, 1980
